Statistics for Countries Closest to New Zealand

Click here to take the quiz!

General Stats

  • This quiz has been taken 3,474 times
  • The average score is 15 of 20

Answer Stats

kmcountrymiles% Correct
1303Australia810
98%
1857Fiji1154
92%
1865Tonga1159
90%
4283Indonesia2661
89%
2715Samoa1687
89%
3472Papua New Guinea2158
86%
1602Vanuatu995
81%
2945Solomon Islands1830
79%
2946Tuvalu1831
77%
5059Kiribati3143
76%
4659Marshall Islands2895
76%
4830Micronesia3001
76%
7243Malaysia4500
75%
3817Nauru2372
75%
6130Palau3809
74%
5454Timor-Leste3389
67%
6664Philippines4141
65%
6807United States4230
65%
2958Cook Islands1838
44%
2365Niue1469
37%

Score Distribution

Percentile by Number Answered

Percent of People with Each Score

Your Score History

You have not taken this quiz